Digital design of nature: computer generated plants and organics. / (Record no. 7500)
[ view plain ]
| 000 -LEADER | |
|---|---|
| fixed length control field | 01293nam a22002537a 4500 |
| 003 - CONTROL NUMBER IDENTIFIER | |
| control field | OSt |
| 005 - DATE AND TIME OF LATEST TRANSACTION | |
| control field | 20220318093810.0 |
| 008 - FIXED-LENGTH DATA ELEMENTS--GENERAL INFORMATION | |
| fixed length control field | 120425t xxu||||| |||| 00| 0 eng d |
| 010 ## - LIBRARY OF CONGRESS CONTROL NUMBER | |
| LC control number | 2004116589 |
| 020 ## - INTERNATIONAL STANDARD BOOK NUMBER | |
| International Standard Book Number | 3540405917 |
| 020 ## - INTERNATIONAL STANDARD BOOK NUMBER | |
| International Standard Book Number | 16121449 |
| 040 ## - CATALOGING SOURCE | |
| Transcribing agency | LC |
| 050 ## - LIBRARY OF CONGRESS CALL NUMBER | |
| Classification number | T385.D48 |
| 100 ## - MAIN ENTRY--PERSONAL NAME | |
| Personal name | Deussen, Oliver |
| 245 ## - TITLE STATEMENT | |
| Title | Digital design of nature: computer generated plants and organics. / |
| Statement of responsibility, etc. | Oliver Deussen, Bernd Lintermann |
| 260 ## - PUBLICATION, DISTRIBUTION, ETC. | |
| Place of publication, distribution, etc. | New York: |
| Name of publisher, distributor, etc. | Springer., |
| Date of publication, distribution, etc. | 2010. |
| 300 ## - PHYSICAL DESCRIPTION | |
| Extent | xii, 295 p.: |
| Other physical details | ill.; |
| Dimensions | 25cm. |
| 500 ## - GENERAL NOTE | |
| General note | Includes index. |
| 505 ## - FORMATTED CONTENTS NOTE | |
| Formatted contents note | Contents: Computer-Generated Plants.- Plants.- Some Mathematics.- Procedural Modeling.- Rule-Based Modeling.- Rule-Based Object Production.- Modeling Terrain.- Modeling Vegetation.- Rendering.- Level-of-Detail.- Landscape Sketches.- Media Art -- Practical plant modeling == |
| 520 ## - SUMMARY, ETC. | |
| Summary, etc. | Presents fundamentals of Computer Graphics and its applications. This title helps the reader to understand: how computer hardware interacts with computer graphics; how it draws various objects, namely, line, circle, and hyperbola; how realistic images are formed; how we see pictures move; and, how different colors are generated from visible light. |
| 650 ## - SUBJECT ADDED ENTRY--TOPICAL TERM | |
| Topical term or geographic name entry element | Computer graphics |
| 700 ## - ADDED ENTRY--PERSONAL NAME | |
| Personal name | Lintermann, Bernd |
| 942 ## - ADDED ENTRY ELEMENTS (KOHA) | |
| Source of classification or shelving scheme | Library of Congress Classification |
| Koha item type | Books |
| Withdrawn status | Lost status | Source of classification or shelving scheme | Damaged status | Not for loan | Home library | Current library | Shelving location | Date acquired | Full call number | Barcode | Date last seen | Price effective from | Koha item type |
|---|---|---|---|---|---|---|---|---|---|---|---|---|---|
| Library of Congress Classification | WISCONSIN INTERNATIONAL UNIVERSITY COLLEGE, GHANA KUMASI LIBRARY | WISCONSIN INTERNATIONAL UNIVERSITY COLLEGE, GHANA KUMASI LIBRARY | General Stacks | 15/11/2019 | T385.D48 | K/2456/2456/19 | 14/07/2020 | 14/07/2020 | Books |
